| 000 | 01096cam a2200349 a 4500 | ||
|---|---|---|---|
| 001 | 11286493 | ||
| 003 | OSt | ||
| 005 | 20170105101217.0 | ||
| 008 | 140123r20131995pk d 000 0 eng d | ||
| 020 | _a9780195793406 | ||
| 020 | _a0195793404 | ||
| 035 | _a(OCoLC)869718149 | ||
| 035 | _a(POOF)31597 | ||
| 035 | _a(NNC)11286493 | ||
| 040 |
_aDKAGE _beng _cDKAGE _dOCLCO _dOCLCF |
||
| 041 | 0 |
_aeng _aurd |
|
| 050 | 4 |
_aPK1976 _b.H37 2013 |
|
| 082 | 0 | 4 |
_a491.439321 _223 |
| 100 | 1 |
_aḤaqqī, Shānulḥaq, _d1917-2005. |
|
| 245 | 1 | 0 |
_aOxford English-Urdu dictionary = _bAuksfarḍ Inglish Urdū ḍikshnarī / _cmurattib va mutarjim, Shānulḥaq Ḥaqqī. |
| 246 | 3 | 1 | _aAuksfarḍ Inglish Urdū ḍikshnarī |
| 260 |
_aKarācī : _bOxford University Press, _c2013. |
||
| 300 |
_axxiv, 2099 p. ; _c25 cm. |
||
| 500 | _aReprint of: 9th ed. 1995. | ||
| 546 | _aEnglish and Urdu. | ||
| 650 | 0 |
_aEnglish language _vDictionaries _xUrdu. |
|
| 650 | 7 |
_aEnglish language. _2fast |
|
| 655 | 7 |
_aDictionaries. _2fast |
|
| 942 |
_2ddc _cBK |
||
| 948 | 1 |
_a20150708 _bc _cas2107 _dMPS |
|
| 999 |
_c3471 _d3471 |
||